000 00701nam a22002417a 4500
001 BR2000004
003 BR-BrBNA
005 20241007160601.0
007 ta
008 230509b bl.||||| |||| 00| 0 por d
040 _aBR-BrBNA
_bpor
_cBiblioteca Nacional de Agricultura
041 _a(Por)
072 _aE15
_b/G514
090 _a E15 BR2000004 OBR
_b2024-5594
100 1 _aBritto, j.s.
245 1 _aAs caixas rurais sao as celulas do nosso progresso [Credito cooperativo; Brasil]
260 3 _aRio de Janeiro, GB (Brasil):
_bTyp. Revista dos Tribunaes,
_c1920.
300 _a79 p.
650 _aMicroeconomia
650 _aCooperativa
650 _aCredito cooperativo
942 _cBK
_2AGRIS
999 _c10146
_d10146